书目信息 |
| 题名: |
建筑节能工程施工手册
|
|
| 作者: | 赵键 , 马驰 主编 ;单位北京土木建筑学会 主编 | |
| 分册: | ||
| 出版信息: | 北京 经济科学出版社 2005.08 |
|
| 页数: | Ⅳ, 548页 | |
| 开本: | 26cm | |
| 丛书名: | 建筑节能工程系列丛书 | |
| 单 册: | ||
| 中图分类: | TU111.4-6 | |
| 科图分类: | ||
| 主题词: | 建筑热工--jian zhu re gong--节能--工程施工--技术手册 | |
| 电子资源: | ||
| ISBN: | 7-5058-5144-6 | |
| 000 | 01247nam 2200289 450 | |
| 001 | 012006103400 | |
| 005 | 20060315154233.00 | |
| 010 | @a7-5058-5144-6@dCNY68.00 | |
| 100 | @a20060313d2005 km y0chiy0120 ea | |
| 101 | 0 | @achi |
| 102 | @aCN@b110000 | |
| 105 | @aa a 000yy | |
| 200 | 1 | @a建筑节能工程施工手册@Ajian zhu jie neng gong cheng shi gong shou ce@f赵键, 马驰主编@Fzhao jian,ma chi zhu bian@g单位北京土木建筑学会主编@Gdan wei bei jing tu mu jian zhu xue hui zhu bian |
| 210 | @a北京@c经济科学出版社@d2005.08 | |
| 215 | @aⅣ, 548页@c图@d26cm | |
| 225 | 2 | @a建筑节能工程系列丛书@Ajian zhu jie neng gong cheng xi lie cong shu |
| 320 | @a有书目。 | |
| 330 | @a本书是一本建筑节能工程施工技术手册,内容包括:概论;材料;围护结构体系节能工程施工;建筑采暖、通风与空调节能工程施工;建筑节能示范工程施工组织设计与施工方案等。 | |
| 333 | @a建筑工程技术人员及相关专业院校师生。 | |
| 410 | 0 | @12001 @a建筑节能工程系列丛书 |
| 606 | 0 | @a建筑热工@Ajian zhu re gong@x节能@x工程施工@j技术手册 |
| 690 | @aTU111.4-6@v4 | |
| 701 | 0 | @a赵键@Azhao jian@4主编 |
| 701 | 0 | @a马驰@Ama chi@4主编 |
| 712 | 0 | @a单位北京土木建筑学会@Adan wei bei jing tu mu jian zhu xue hui@4主编 |
| 801 | 0 | @aCN@bQSSK@c20060315 |
| 905 | @a10447@dTU111.4-6@eZ305 | |
| 建筑节能工程施工手册/赵键, 马驰主编/单位北京土木建筑学会主编.-北京:经济科学出版社,2005.08 |
| Ⅳ, 548页:图;26cm.-(建筑节能工程系列丛书) |
| 使用对象:建筑工程技术人员及相关专业院校师生。 |
| ISBN 7-5058-5144-6:CNY68.00 |
| 本书是一本建筑节能工程施工技术手册,内容包括:概论;材料;围护结构体系节能工程施工;建筑采暖、通风与空调节能工程施工;建筑节能示范工程施工组织设计与施工方案等。 |
| ● |
| 相关链接 |
|
|
|
正题名:建筑节能工程施工手册
索取号:TU111.4-6/Z305
 
预约/预借
| 序号 | 登录号 | 条形码 | 馆藏地/架位号 | 状态 | 备注 |
| 1 | 556129 | 205561293 | 建筑库101/101建筑库 25排1列2层/ [索取号:TU111.4-6/Z305] | 在馆 | |
| 2 | 556130 | 205561300 | 建筑库101/101建筑库 25排1列2层/ [索取号:TU111.4-6/Z305] | 在馆 | |
| 3 | 556131 | 205561319 | 建筑库101/ [索取号:TU111.4-6/Z305] | 在馆 |